| 000 | 01208nam a2200241Ia 4500 | ||
|---|---|---|---|
| 003 | Ost | ||
| 005 | 20260507075639.0 | ||
| 008 | 260507s9999||||xx |||||||||||||| ||und|| | ||
| 020 | _a9957160737 | ||
| 040 | _cfsecg | ||
| 041 | _aara | ||
| 082 | _a332.642 | ||
| 100 |
_aالحناوي، محمد الصالح _eمؤلف |
||
| 245 | 0 |
_aتحليل وتقييم الأسهم والسندات / _c محمد الصالح الحناوي |
|
| 260 |
_aالإسكندرية: _bالدار الجامعية, _c2000 |
||
| 300 |
_a464 صفحة؛ _c24 سم |
||
| 504 | _aالمراجع ص.443 | ||
| 520 | _aأساسيات الاستثمار في أوراق المالية،شراء وبيع الاوراق المالية،التحليل المالي للاسهم،كفاءة سوق الاوراق المالية،التحليل الفني للاسهم،نماذج تقييم الاسهم العادية ، تحليل السندات،أساسيات محفظة الاوراق المالية وتقييم أدائها،حقوق الاختيار ،عقود المبادة والعقود المستقبلية. | ||
| 653 | _aالأسهم | ||
| 653 | _aالبورصة | ||
| 653 | _aالسندات | ||
| 942 | _cكتاب | ||
| 999 |
_c45371 _d45371 |
||